বিজ্ঞান ও প্রযুক্তি ভাবনা / (Record no. 38758)
[ view plain ]
| 000 -LEADER | |
|---|---|
| fixed length control field | 00831nam a2200217 a 4500 |
| 001 - CONTROL NUMBER | |
| control field | 38758 |
| 003 - CONTROL NUMBER IDENTIFIER | |
| rucl marc code | BD-RjUL |
| 005 - DATE AND TIME OF LATEST TRANSACTION | |
| control field | 20211209052844.0 |
| 008 - FIXED-LENGTH DATA ELEMENTS--GENERAL INFORMATION | |
| fixed length control field | 160220s2007 bg ||||| |||| 00| 0 ben d |
| 035 ## - SYSTEM CONTROL NUMBER | |
| System control number | (BD-RjUL)38867 |
| 040 ## - CATALOGING SOURCE | |
| Original cataloging agency | BD-RjUL |
| Language of cataloging | ben |
| Transcribing agency | BD-RjUL |
| Modifying agency | BD-RjUL |
| 041 ## - LANGUAGE CODE | |
| Language code of text/sound track or separate title | ben |
| 082 ## - DEWEY DECIMAL CLASSIFICATION NUMBER | |
| Classification number | 507 |
| Author mark and year | PAB 2007 |
| 100 ## - MAIN ENTRY--PERSONAL NAME | |
| Personal name | পাল, নিশীথ কুমার |
| 9 (RLIN) | 119563 |
| 245 ## - TITLE STATEMENT | |
| Title | বিজ্ঞান ও প্রযুক্তি ভাবনা / |
| Statement of responsibility, etc. | নিশীথ কুমার পাল |
| 260 ## - PUBLICATION, DISTRIBUTION, ETC. (IMPRINT) | |
| Place of publication, distribution, etc. | রাজশাহী : |
| Name of publisher, distributor, etc. | আলীগড় লাইব্রেরী, |
| Date of publication, distribution, etc. | ২০০৭ |
| 300 ## - PHYSICAL DESCRIPTION | |
| Pagination | ৩৫৭ পৃ. ; |
| Size | ২২ সেমি. |
| 650 ## - SUBJECT ADDED ENTRY--TOPICAL TERM | |
| Topical term or geographic name as entry element | বিজ্ঞান |
| Form subdivision | অধ্যয়ন ও শিক্ষণ |
| 9 (RLIN) | 119564 |
| Topical term or geographic name as entry element | Science |
| Form subdivision | Study and teaching. |
| 9 (RLIN) | 119565 |
| 942 ## - ADDED ENTRY ELEMENTS (KOHA) | |
| Source of classification or shelving scheme | Dewey Decimal Classification |
| Koha item type | Books |
| Lost status | Source of classification or shelving scheme | Damaged status | Not for loan | Collection code | Permanent Location | Current Location | Shelving location | Date acquired | Source of acquisition | Cost, normal purchase price | Total Checkouts | Full call number | Date last seen | Copy number | Koha item type |
|---|---|---|---|---|---|---|---|---|---|---|---|---|---|---|---|
| Dewey Decimal Classification | Non-fiction | Central Library, University of Rajshahi | Central Library, University of Rajshahi | 26/04/2007 | Dept. of Botany, R.U. | 220.00 | B 507 PAB 2007 | 20/02/2016 | C-2 | Books | |||||
| Dewey Decimal Classification | Non-fiction | Central Library, University of Rajshahi | Central Library, University of Rajshahi | 26/04/2007 | Dept. of Botany, R.U. | 220.00 | B 507 PAB 2007 | 20/02/2016 | C-3 | Books | |||||
| Dewey Decimal Classification | Non-fiction | Central Library, University of Rajshahi | Central Library, University of Rajshahi | 26/04/2007 | Dept. of Botany, R.U. | 220.00 | B 507 PAB 2007 | 20/02/2016 | C-4 | Books | |||||
| Dewey Decimal Classification | Not For Loan | Non-fiction | Central Library, University of Rajshahi | Central Library, University of Rajshahi | Reading Room | 26/04/2007 | Dept. of Botany, R.U. | 220.00 | B 507 PAB 2007 | 20/02/2016 | C-1 | Books | |||
| Dewey Decimal Classification | Non-fiction | Central Library, University of Rajshahi | Central Library, University of Rajshahi | 26/04/2007 | Dept. of Botany, R.U. | 220.00 | B 507 PAB 2007 | 27/12/2016 | C-5 | Books |